Statystyki dla Reprezentacje należące do OFC

Kliknij tutaj aby rozwiązać quiz!

Ogólne statystyki

  • Ten quiz został rozwiązany 22 razy
  • Średni wynik to 8 z 11

Statystyki odpowiedzi

Reprezentacja% Poprawnych
Nowa Zelandia
100%
Wyspy Salomona
95%
Fidżi
86%
Vanuatu
82%
Samoa
77%
Tahiti
77%
Tonga
77%
Papua-Nowa Gwinea
68%
Samoa Amerykańskie
68%
Nowa Kaledonia
59%
Wyspy Cooka
50%

Rozkład punktacji

Percentyl według liczby udzielonych odpowiedzi

Procent ludzi z każdym wynikiem

Twoja historia wyników

Nie rozwiązałeś tego quizu